| 000 | 00816nam a2200229 u 4500 | ||
|---|---|---|---|
| 005 | 20220906130604.0 | ||
| 008 | 180620s2010 r 000 0 eng d | ||
| 020 | _a9788415089094 | ||
| 035 | _aUPN01000225641 | ||
| 049 | _aCG | ||
| 050 | 4 |
_aPR2125 _bR6.2 |
|
| 245 | 0 | 0 |
_aRobin Hood / _canónimo ; tr. Benjamin Briggent. |
| 260 |
_aBarcelona, Esp. : _bPlutón, _cc2010. |
||
| 300 | _a186 p. | ||
| 440 | 0 | _aTravesía | |
| 500 | _a"Un autor anónimo de fecha incierta, escribió esta bella y novelesca leyenda inglesa. William Scott en Ivanhoe y Douglas Fairbanks (1922) y Errol Flynn (1938) en el cine lo consagrarán internacionalmente" | ||
| 650 | 7 |
_aLeyendas inglesas _2 _922545 |
|
| 650 | 7 |
_aRobin Hood (Personaje legendario) _2 _916639 |
|
| 905 | _aLibro | ||
| 999 |
_c197737 _d197737 |
||